000 00375cam a22001217a 4500
008 180718b1975 xxu||||| |||| 00| 0 eng d
082 _aA81x54 In2/71/21
100 _aCensus of India 1971
245 _aUttar Pradesh: ethnographic notes
260 _aLucknow
_bDirector of Census Operations
_c1975
300 _a78+p.
440 _aCensus of India 1971. Series-21, Uttar Pradesh
999 _c485881
_d485881